Ładuje się......

Profile of people,technologies and policies in fisheries sector in india

Opis bibliograficzny
Kolejni autorzy: Anjani kumar et al
Format: Printed Book
Język:Undetermined
Wydane: Delhi Dr.Mruthyunjaya 2003
Hasła przedmiotowe:
LEADER 00578nam a2200169Ia 4500
008 140316s9999 xx 000 0 und d
082 |a 639.2  |b ANJ/PR 
100
245 |a Profile of people,technologies and policies in fisheries sector in india 
260 |a Delhi  |b Dr.Mruthyunjaya  |c 2003 
300 |a 159 
650 |a aquaculture 
650 |a fisheries 
700 |a Anjani kumar et al. 
942 |2 ddc  |c REF 
999 |c 22790  |d 22790 
952 |0 0  |1 0  |2 ddc  |4 0  |6 639_200000000000000_ANJPR  |7 0  |9 30670  |a KAUCLV  |b KAUCLV  |c CLOSEDREF  |d 2014-03-18  |o 639.2 ANJ/PR  |p 804132  |r 2014-03-18  |w 2014-03-18  |y REF